Statistics for FIFA 22 TOTW 21

Click here to take the quiz!

General Stats

  • This quiz has been taken 8 times
  • The average score is 6 of 23

Answer Stats

ClubPositionRatingAnswer% Correct
Bayern MunichGK91Manuel Neuer
100%
BarcelonaLB87Jordi Alba
75%
NapoliCB87Kalidou Koulibaly
63%
Real MadridRW85Marco Asensio
50%
Al NassrCAM86Anderson Talisca
38%
StrasbourgRWB84Frederic Guilbert
38%
Bayer LeverkusenCB84Jonathan Tah
38%
LazioCM87Luis Alberto
38%
Celta VigoRM81Brais Mendez
25%
GetafeST84Enes Unal
25%
AC MilanST82Olivier Giroud
25%
OsasunaGK82Sergio Herrera
25%
JuventusCM85Denis Zakaria
13%
IngolstadtST77Dennis Eckert Ayensa
13%
Hajduk SplitST84Marko Livaja
13%
Sporting LisbonRW83Pablo Sarabia
13%
CelticCM77Reo Hatate
13%
HamburgST77Robert Glatzel
13%
MarseilleST84Arkadiusz Milik
0%
PSGCM84Danilo Pereira
0%
ApoelST79Giorgi Kvilitaia
0%
GaziantepCB79Papy Djilobodji
0%
SampdoriaCAM83Stefano Sensi
0%

Score Distribution

Percentile by Number Answered

Percent of People with Each Score

Your Score History

You have not taken this quiz